Математика (Запис номер 108080)
[ съкратено ]
| 000 -Лидер | |
|---|---|
| Контролно поле с фиксирана дължина | 01479nam a2200349 c 4500 |
| 003 - Код на организацията, давaща контролен номер | |
| Контролно поле | BLK |
| 005 - Дата и час на последна редакция | |
| Контролно поле | 20180420230529.0 |
| 008 - Елементи от данни с фиксирана дължина | |
| fixed length control field | 180409b bul|||||r ||||||| ||bul|| |
| 010 ## - Наследен системен номер | |
| LC control number | KNG00113378000 |
| 020 ## - Международен стандартен номер на книга ISBN | |
| Международен стандартен номер на книга ISBN | 954-516-405-0 |
| -- | издат.: Летера - на том(ч. 4) |
| 040 ## - Източник на каталожния запис | |
| Идентификатор на билиотеката - собственик на записа | BLK |
| 041 ## - Код за език | |
| Код за езика на текст/звукозапис или на отделно заглавие | Български |
| Код за езика КДБФ | Български |
| 080 ## - УДК | |
| Текстов определител УДК | Математика |
| УДК код - определител по УДК | 51 |
| УДК определител | (076)(075.3) |
| УДК - код + определител | 51(076)(075.3) |
| 139 ## - Редно поле | |
| Редна дума | Математика |
| Авторски знак | Мате - М 39 |
| 245 10 - Сведения за заглавието | |
| Заглавие | Математика |
| Подзаглавни данни | Уч. помагало за държ. зрелостен и кандидатстудентски изпит : В 4 ч. |
| Редно поле (дума) | авт. на том Любен Борисов Портев. |
| Том | Ч. 4 |
| Заглавие на том | 20 примерни теми за матура с решения |
| 257 ## - Страна на издаване | |
| Страна на създаване/издаване | България |
| 260 ## - Област на издателските данни | |
| -- | Пловдив |
| Година на издаване | 2003 - |
| Печатница | В. Търново : Абагар |
| 300 ## - Физическа характеристика | |
| Размери/Мащаб | 24 см |
| 380 ## - Жанр | |
| Жанр | Естествени науки. Математика |
| 650 #4 - Допълнително описание по предмет – тема | |
| Основно описание – тема или топоним | Математика - задачи - учебници за средни училища |
| 9 (RLIN) | 248831 |
| 653 ## - Ключова дума – ненормативна | |
| Ключова дума | математика |
| 653 ## - Ключова дума – ненормативна | |
| Ключова дума | задачи |
| 653 ## - Ключова дума – ненормативна | |
| Ключова дума | учебни помагала |
| 653 ## - Ключова дума – ненормативна | |
| Ключова дума | матури |
| 700 1# - Други автори (авторска отговорност) | |
| Лично име | Портев, Любен Борисов |
| Автороска отговорност (Описва отношението между автора и произведението) | авт. на том |
| 9 (RLIN) | 112631 |
| 760 1# - Описание на основната серия | |
| -- | - на том(ч. 4) |
| Място на издаване, издател и година | Летера, 2003 |
| Страници - том | 93 с. : с ил. |
| Заглавие | Ч. 4 20 примерни теми за матура с решения |
| 852 ## - Местоположение | |
| Форматна сигнатура | Цб 219779 |
| 856 4# - Електронен адрес и достъп | |
| Електронен формат | pdf - файл |
| Път до файла /url/ | |
| 856 4# - Електронен адрес и достъп | |
| Електронен формат | pdf - файл |
| Път до файла /url/ | |
| 942 ## - АРТИКУЛИ | |
| Вид на библиотечния материал | Книги |
| Скрит в OPAC | Не |
| 944 ## - СЪЗДАВАНЕ И РЕДАКЦИЯ на ЗАПИСА | |
| Създаване/Редакция | Създаване |
| Дата на регистрацията/редакция | 03.06.2004 |
| Служител, извършил регистрацията/редакцията | Кети_Илиева |
| 944 ## - СЪЗДАВАНЕ И РЕДАКЦИЯ на ЗАПИСА | |
| Създаване/Редакция | Редакция |
| Дата на регистрацията/редакция | 17.09.2011 |
| Служител, извършил регистрацията/редакцията | |
| 999 ## - СИСТЕМНИ КОНТРОЛНИ НОМЕРА | |
| Koha biblionumber | 108080 |
| Koha biblioitemnumber | 108080 |
| Код за отписване | Код за изгубен артикул | Източник на класификационната схема | Код за повреда | Коз за рестрикции | Код за отдаване | Артикулен № | Име на библиотеката - собственик | Име на библиотеката, в която се намира в момента | Статус (Текущо местоположение) | Дата на вписване в системата | Местоположение - отдел | Цена в лева | Инвентарен номер | Систематично азбучна сигнатура | Баркод | Номер на екземпляра | Цена в евро | Служебна бележка | Служебен тип на артикула |
|---|---|---|---|---|---|---|---|---|---|---|---|---|---|---|---|---|---|---|---|
| Изтеглен | Не е изгубен | Universal Decimal Classification | Не е повреден | без рестрикции | заемане за дома | 174334 | Регионална библиотека "Любен Каравелов" Русе | Регионална библиотека "Любен Каравелов" Русе | Заемна - подръчен фонд | 2004-05-31 | Заемна - подръчен фонд | 3.60 | 120000685885 | П 51(075)/М 39 | 120000685885 | 1 | 1.84 | Дост: Pk Вид: Ф N: 3 Дата: 31.05.2004 | Книги |
| Изтеглен | Не е изгубен | Universal Decimal Classification | Не е повреден | без рестрикции | ползва се в читалня | 174335 | Регионална библиотека "Любен Каравелов" Русе | Регионална библиотека "Любен Каравелов" Русе | Читалня | 2005-05-31 | Читалня | 3.60 | 120000694613 | Ч 51/М 39 | 120000694613 | 2 | 1.84 | Дост: Pk Вид: Ф N: 5 Дата: 31.05.2005 Дата инв: 15.03.2017 Бележки инв: Ч2017 | Книги |
| Не е изгубен | Не е повреден | без рестрикции | ползва се в читалня | 174336 | Регионална библиотека "Любен Каравелов" Русе | Регионална библиотека "Любен Каравелов" Русе | Хранилище | 2005-11-29 | Хранилище | 3.60 | 120000698472 | Цб 219779 | 120000698472 | 3 | 1.84 | Дост: Dp Вид: Д N: 48 Дата: 17.11.2004 | Книги |